| 000 | 01557cam a22002771 4500 | ||
|---|---|---|---|
| 001 | 3357 | ||
| 003 | FISKH | ||
| 005 | 20240229104603.0 | ||
| 008 | 750630s1959 xx 000 0 eng | ||
| 010 | _a 59012015 | ||
| 035 | _a(OCoLC)1420597 | ||
| 040 |
_aDLC _cFO _dDLC _beng |
||
| 050 | 0 | 0 |
_aPZ7.K5754 _bTo |
| 082 | _a823.91 | ||
| 100 | 1 | _aKing, Clive. | |
| 245 | 1 | 4 |
_aThe town that went south / _cClive King ; illustrated by Maurice Bartlett. |
| 250 | _aThis edition 1970 | ||
| 260 |
_aNew York : _bMacmillan, _c1959. |
||
| 300 |
_a122 pages : _billustrations ; _c20 cm |
||
| 520 | _aThis brilliantly original and humorous book from the author of Stig of the Dump tells of how the whole town of Ramsly became adrift in the Channel. It was Gargoyle, the Rectory cat, who first noticed that something very odd was happening in the town of Ramsly... The Railway Station was awash, and Gargoyle's favorite hunting grounds outside the town seemed to somehow become submerged in swirling, choppy, salty water. Then, one by one, as the people of Ramsly woke up, it was discovered that their town had come adrift from the rest of England... they were all floating gently across the Channel into France! But their journey has only begun--Ramsly continues floating south, to Africa and the South Seas, to Australia and farther south to the coldest land in the world. | ||
| 650 |
_aFantasy _vChildren's Fiction |
||
| 700 |
_aBartlett, Maurice _eillustrator |
||
| 906 |
_a7 _bcbc _coclcrpl _du _encip _f19 _gy-gencatlg |
||
| 942 |
_2ddc _cBK _n0 |
||
| 999 |
_c3357 _d3357 |
||